书目信息 |
| 题名: |
英汉读说并进
|
|
| 作者: | 侯国金 编著 | |
| 分册: | ||
| 出版信息: | 武汉 武汉测绘科技大学出版社 1998.12 |
|
| 页数: | 202页 | |
| 开本: | 32开 | |
| 丛书名: | ||
| 单 册: | ||
| 中图分类: | H319.9 | |
| 科图分类: | ||
| 主题词: | 英语 | |
| 电子资源: | ||
| ISBN: | 7-81030-662-6 | |
| 000 | 00549nam0 2200193 45 | |
| 001 | 0009061691 | |
| 005 | 20000906165808.8 | |
| 010 | @a7-81030-662-6@d8.00元 | |
| 100 | @a20000906d1998 km y0chiy0120 ea | |
| 101 | 0 | @achi |
| 105 | @a z 000yy | |
| 200 | 1 | @a英汉读说并进@AYing Han Du Shuo Bing Jin@f侯国金编著@FHou Guo Jin Bian Zhu |
| 210 | @a武汉@c武汉测绘科技大学出版社@d1998.12 | |
| 215 | @a202页@d32开 | |
| 606 | 0 | @a英语 |
| 690 | @aH319.9@v3 | |
| 701 | 0 | @a侯国金@4编著 |
| 801 | @aCN@bPftUser@c20000906 | |
| 905 | @b123135-139@dH319.9@eH345@f5 | |
| 英汉读说并进/侯国金编著.-武汉:武汉测绘科技大学出版社,1998.12 |
| 202页;32开 |
| ISBN 7-81030-662-6:8.00元 |
| ● |
| 相关链接 |
|
|
|
正题名:英汉读说并进
索取号:H319.9/H345
 
预约/预借
| 序号 | 登录号 | 条形码 | 馆藏地/架位号 | 状态 | 备注 |
| 1 | 123135 | 201231354 | 语言库209/209语言库 59排5列6层/ [索取号:H319.9/H345] | 在馆 | |
| 2 | 123136 | 201231363 | 语言库209/209语言库 59排5列6层/ [索取号:H319.9/H345] | 在馆 | |
| 3 | 123137 | 201231372 | 语言库209/209语言库 59排5列6层/ [索取号:H319.9/H345] | 在馆 | |
| 4 | 123138 | 201231381 | 语言库209/209语言库 59排5列6层/ [索取号:H319.9/H345] | 在馆 | |
| 5 | 123139 | 201231390 | 语言库209/209语言库 59排5列6层/ [索取号:H319.9/H345] | 在馆 |